000 00424nam a2200169Ia 4500
001 26011
003 IN-NITTTR
005 20251114233328.0
008 251113s9999||||xx |||||||||||||| ||eng||
040 _beng
040 _cIN-NITTTR
041 _aeng
082 _a519.6 M424N
100 _aMathews, John H.
245 0 _aNumerical methods for mathematics, science and engineering /
_cMathews, John H.
942 _2ddc
_cBK
999 _c28640
_d28640